00346nam a2200133Ia 4500008004100000020001800041041001200059100001400071245006500085260002200150300000800172650001500180700001700195221030s9999 xx 000 0 und d a9789354337819 aEnglish aE. Gordon 0aBanking : Theory, Law & Practicecby E. Gordon, K. Natarajan bHPHaMumbaic2021 a391 aManagement aK. Natarajan